000 00724cam a2200217 4500
001 ABS61373
008 000000n1999 000 0 eng u
035 _a(Sirsi) u100662
100 _aWilson, T.
245 _aPFI accounting
260 _c1999
490 _aPrivate Finance Initiative Journal
_v4(4) September/October 1999, 16-20(4)
520 _aSummarises the Treasury Taskforce's (TTF) "Technical Note No 1 (Revised): How to account for PFI transactions".
590 _aABS
650 _aTREASURY TASKFORCE
650 _aPFI
650 _aMANAGEMENT-BUSINESS MANAGEMENT-FINANCIAL MANAGEMENT-ACCOUNTING
650 _aACCOUNTING STANDARDS
690 _aPROPERTY-PROPERTY FINANCE AND INVESTMENT
942 _n0
999 _c60206
_d60206